000 00314nam a2200145 4500
008 190521s1986||||CZ d
260 _c1986
_bSPN
_aPraha
250 _a1.vydanie
245 1 0 _aPrehled chemického názvosloví
300 _a158 s.
020 _c0
041 1 _acze
044 _aCZ
958 _aA
999 _c22389
_d22389